Pobreza y visibilidad: ensayo para una crisis /
El ensayo aborda la compleja relación entre pobreza y visibilidad en el contexto actual. La autora examina cómo la pobreza y las desigualdades sociales a menudo se encuentran enmascaradas por discursos y representaciones mediáticas que no reflejan con precisión la realidad de aquellos que viven en c...
Guardat en:
| Autor principal: | |
|---|---|
| Format: | Llibre |
| Idioma: | Spanish |
| Matèries: | |
| Etiquetes: |
Afegir etiqueta
Sense etiquetes, Sigues el primer a etiquetar aquest registre!
|
MARC
| LEADER | 00000nam a22000007a 4500 | ||
|---|---|---|---|
| 003 | cru CIDCACS/IIS | ||
| 005 | 20230919154822.0 | ||
| 007 | ta | ||
| 008 | 181024s2018 cu |||p|r|||| 00| 0 spa d | ||
| 040 | |c cru CIDCACS/IIS | ||
| 100 | 1 | |9 7851 |a Rodríguez Pérsico, Adriana | |
| 245 | 1 | |a Pobreza y visibilidad: |b ensayo para una crisis / |c Adriana Rodríguez Pérsico | |
| 300 | |a páginas 21-33 | ||
| 520 | |a El ensayo aborda la compleja relación entre pobreza y visibilidad en el contexto actual. La autora examina cómo la pobreza y las desigualdades sociales a menudo se encuentran enmascaradas por discursos y representaciones mediáticas que no reflejan con precisión la realidad de aquellos que viven en condiciones precarias. Se cuestiona cómo la pobreza es tratada por los medios y cómo esto afecta la percepción pública de este problema. El análisis destaca la importancia de visibilizar y comprender de manera más profunda las dinámicas de la pobreza para poder abordar sus causas subyacentes y trabajar hacia soluciones más efectivas. Se propone una reflexión sobre cómo los medios de comunicación y la sociedad en su conjunto pueden contribuir a un mayor entendimiento y acción frente a la pobreza. RAR | ||
| 650 | 0 | |2 OCDE |9 284 |a POBREZA | |
| 650 | 0 | |2 OCDE |9 4828 |a MEDIOS DE COMUNICACION | |
| 650 | 0 | |2 OCDE |9 2143 |a CRISIS SOCIAL | |
| 650 | 0 | |2 UNESCO |9 285 |a EXCLUSION SOCIAL | |
| 650 | 7 | |2 UNESCO |9 8512 |a REPRESENTACION SOCIAL | |
| 773 | 0 | |0 19037 |9 2340 |a Casa de las Américas |d Cuba Casa de las Américas |o 18939 |t Casa de las Américas / | |
| 942 | |2 ddc |c PP | ||
| 999 | |c 41826 |d 41826 | ||
